Stravovacie služby v podmienkach cestovného ruchu - analýza poskytovaných stravovacích služieb vo vybranom podniku cestovného ruchu bakalárska práca

Uložené v:
Podrobná bibliografia
Hlavný autor: Vaculová, Miroslava
Korporativný autor: Obchodná fakulta EU. Katedra služieb a cestovného ruchu - zrušené
Ďalší autori: Trefil, Peter
Médium: Kniha
Jazyk:Slovak
Vydavateľské údaje: Bratislava 2010
Tagy: Pridať tag
Žiadne tagy, Buďte prvý, kto otaguje tento záznam!

MARC

LEADER 00000nam$a2200000$$$4500
001 0134476
005 20240320074523.4
041 0 |a slo 
044 |a SK 
245 1 0 |a Stravovacie služby v podmienkach cestovného ruchu - analýza poskytovaných stravovacích služieb vo vybranom podniku cestovného ruchu  |b bakalárska práca  |c Miroslava Vaculová ; školiteľ: Peter Trefil 
264 1 |a Bratislava  |c 2010 
300 |a 49 s. 
100 1 |a Vaculová, Miroslava 
700 1 |a Trefil, Peter 
710 2 |a Obchodná fakulta EU. Katedra služieb a cestovného ruchu - zrušené